|
|
|
|
| LEADER |
01252nam a2200325Ia 4500 |
| 001 |
1651 |
| 003 |
BD-DhAAL |
| 005 |
20150827120245.0 |
| 008 |
151827s1997 nyua j 000 0 eng d |
| 020 |
|
|
|a 0195111583
|
| 020 |
|
|
|a 0195111591
|
| 040 |
|
|
|a XNC
|c XNC
|d OCLCQ
|d AU@
|d NIALS
|d NIC
|d BD-DhAAL
|
| 050 |
|
4 |
|a HD4904
|b .H89 1997
|
| 082 |
0 |
0 |
|a 338.9
|2 20
|
| 245 |
0 |
0 |
|a Human development report 1996 /
|c United Nations Development Programme.
|
| 260 |
|
|
|a New York :
|b Oxford University Press for the United Nations Development Programme (UNDP),
|c 1996.
|
| 300 |
|
|
|a x, 229 p. :
|b ill. ;
|c 28 cm.
|
| 541 |
|
|
|e 1651
|
| 650 |
|
0 |
|a Human capital.
|9 10674
|
| 650 |
|
0 |
|a Economic development
|x Social aspects.
|9 6350
|
| 650 |
|
0 |
|a Manpower policy
|z Developing countries.
|9 10675
|
| 650 |
|
1 |
|a Developing countries.
|9 10676
|
| 650 |
|
7 |
|a Economic development
|x Social aspects
|2 fast
|9 6350
|
| 650 |
|
7 |
|a Human capital
|2 fast
|9 10677
|
| 650 |
|
7 |
|a Manpower policy
|2 fast
|9 10678
|
| 651 |
|
7 |
|a Developing countries
|2 fast
|9 10679
|
| 710 |
2 |
|
|a United Nations Development Programme.
|9 7389
|
| 942 |
|
|
|2 ddc
|c BK
|
| 999 |
|
|
|c 35372
|d 35372
|
| 952 |
|
|
|0 0
|1 0
|2 ddc
|4 0
|6 338_900000000000000_HUM
|7 0
|9 55599
|a SCL
|b SCL
|c GEN
|d 2015-08-27
|l 0
|o 338.9 HUM
|p 3020001651
|r 2015-08-27
|t 1
|w 2015-08-27
|y BK
|